[Event "Bayamo Cespedes Memorial-D"]
[Site "Bayamo"]
[Date "2017.03.07"]
[Round "10.1"]
[White "Gallar Tamayo, Abel"]
[Black "Nunez Rocio, Fernando"]
[Result "0-1"]
[WhiteElo "2166"]
[BlackElo "2198"]
[PlyCount "46"]
[EventDate "2017.03.01"]
[EventType "tourn"]
[EventRounds "10"]
[EventCountry "CUB"]
[SourceTitle "EXT 2023"]
[Source "ChessBase"]
[SourceDate "2022.10.05"]
[SourceVersion "1"]
[SourceVersionDate "2022.10.05"]
[SourceQuality "1"]

1. e4 c5 2. Nf3 e6 3. d4 cxd4 4. Nxd4 Nf6 5. Bd3 Nc6 6. Nb3 d5 7. exd5 Nxd5 8. Be4 Be7 9. 0-0 0-0 10. c3 Qc7 11. Bxd5 Rd8 12. Qe2 Rxd5 13. c4 Nd4 14. Nxd4 Rxd4 15. b3 Bf6 16. Bb2 Rh4 17. h3 Bxb2 18. Qxb2 Bd7 19. Qe2 Bc6 20. Nd2 Qf4 21. Rad1 Qf5 22. Nf3 Rxh3 23. Nd4 Rh1+ 0-1

[Event "Bayamo Cespedes Memorial-D"]
[Site "Bayamo"]
[Date "2017.03.05"]
[Round "7.2"]
[White "Nunez Rocio, Fernando"]
[Black "Lavigne Lopez, Raul Leonardo"]
[Result "1-0"]
[WhiteElo "2198"]
[BlackElo "2177"]
[PlyCount "107"]
[EventDate "2017.03.01"]
[EventType "tourn"]
[EventRounds "10"]
[EventCountry "CUB"]
[SourceTitle "EXT 2023"]
[Source "ChessBase"]
[SourceDate "2022.10.05"]
[SourceVersion "1"]
[SourceVersionDate "2022.10.05"]
[SourceQuality "1"]

1. e4 c5 2. Nf3 d6 3. d4 cxd4 4. Nxd4 Nf6 5. Nc3 e5 6. Nf5 Bxf5 7. exf5 Be7 8. Bc4 0-0 9. 0-0 Nbd7 10. Nd5 Nxd5 11. Bxd5 Qc7 12. g4 Nb6 13. Bb3 d5 14. a4 a5 15. Qf3 e4 16. Qg3 Bd6 17. Qh4 Bf4 18. f6 Qe5 19. fxg7 Kxg7 20. Re1 Rad8 21. g5 Bxc1 22. Raxc1 Rd6 23. f4 Qf5 24. Re3 Rc8 25. Rf1 d4 26. Rh3 Nc4 27. c3 Nxb2 28. cxd4 Rxd4 29. g6 h5 30. gxf7 Rd3 31. Rxd3 exd3 32. Rf3 Kf8 33. Qg3 Qg4 34. h3 Qxg3+ 35. Rxg3 Ke7 36. Rg2 Nc4 37. Rg8 Nd6 38. Kf2 d2 39. Ke2 Rf8 40. Kxd2 Nxf7 41. Rxf8 Kxf8 42. Bxf7 Kxf7 43. Ke3 Ke6 44. Ke4 Kf6 45. h4 Ke6 46. f5+ Kf6 47. Kf4 Kf7 48. Ke5 b6 49. f6 b5 50. axb5 a4 51. Kd4 Kxf6 52. b6 a3 53. Kc3 Ke6 54. b7 1-0

[Event "Bayamo Cespedes Memorial-D"]
[Site "Bayamo"]
[Date "2017.03.04"]
[Round "6.3"]
[White "Moreno del Pozo, Orlando"]
[Black "Nunez Rocio, Fernando"]
[Result "1-0"]
[WhiteElo "2232"]
[BlackElo "2198"]
[PlyCount "103"]
[EventDate "2017.03.01"]
[EventType "tourn"]
[EventRounds "10"]
[EventCountry "CUB"]
[SourceTitle "EXT 2023"]
[Source "ChessBase"]
[SourceDate "2022.10.05"]
[SourceVersion "1"]
[SourceVersionDate "2022.10.05"]
[SourceQuality "1"]

1. e4 g6 2. d4 Bg7 3. Nc3 d6 4. Be2 Nf6 5. Be3 c5 6. d5 Qa5 7. f3 0-0 8. Qd2 a6 9. Bh6 Bxh6 10. Qxh6 b5 11. h4 e5 12. g4 Ra7 13. Nh3 Re8 14. Kf2 Nbd7 15. a4 b4 16. Nd1 Kh8 17. h5 Ng8 18. Qd2 Qd8 19. hxg6 fxg6 20. Ne3 Ndf6 21. Kg2 Rf8 22. Nc4 h6 23. Ng5 Re7 24. a5 Kg7 25. Ne6+ Bxe6 26. dxe6 Rxe6 27. Nb6 Nh7 28. Bc4 Ng5 29. Bxe6 Nxe6 30. c3 Nf4+ 31. Kf2 Nf6 32. Ke1 b3 33. Rd1 Nh7 34. Qxd6 Qg5 35. Qxc5 Nf6 36. Nd7 Ng2+ 37. Ke2 Nf4+ 38. Kf1 Ne6 39. Qe7+ Rf7 40. Qxe6 Nxg4 41. Rd3 Qc1+ 42. Ke2 Qxh1 43. Qxg4 Qh2+ 44. Ke3 Re7 45. Rd2 Qh1 46. Qg3 Qa1 47. Nxe5 g5 48. Nc6 Re6 49. Qc7+ Kg6 50. Ne5+ Rxe5 51. Qxe5 Qg1+ 52. Kd3 1-0

[Event "Capablanca Memorial op 49th"]
[Site "Havana"]
[Date "2014.05.10"]
[Round "3"]
[White "Fuentes Dominguez, Felix"]
[Black "Nunez Rocio, Fernando"]
[Result "1-0"]
[WhiteElo "2297"]
[BlackElo "2185"]
[PlyCount "125"]
[EventDate "2014.04.08"]
[EventType "swiss"]
[EventRounds "10"]
[EventCountry "CUB"]
[SourceTitle "CBM 160 Extra"]
[Source "ChessBase"]
[SourceDate "2014.07.01"]
[SourceVersion "1"]
[SourceVersionDate "2014.07.01"]
[SourceQuality "1"]

1. e4 c5 2. Nf3 e6 3. d4 cxd4 4. Nxd4 Nf6 5. Nc3 Nc6 6. Nxc6 bxc6 7. e5 Nd5 8. Ne4 Qa5+ 9. c3 Ba6 10. Be2 Be7 11. 0-0 Bxe2 12. Qxe2 f5 13. exf6 Nxf6 14. Rd1 Qe5 15. Nxf6+ Bxf6 16. Be3 Qc7 17. Bc5 Qe5 18. Qc4 d5 19. Qa4 Qc7 20. c4 Kf7 21. Qc2 Rab8 22. Rab1 Rhd8 23. b4 a5 24. a3 axb4 25. axb4 Qf4 26. cxd5 cxd5 27. Rb3 Rdc8 28. Qb1 Kg8 29. Rh3 h6 30. Qg6 Qg5 31. Qd3 Ra8 32. Re3 Kf7 33. Qe2 Rc6 34. Re1 Re8 35. Qb5 Rec8 36. Rxe6 Qd2 37. R6e2 Qc3 38. Qb7+ R8c7 39. Qb8 Rc8 40. Qf4 Rxc5 41. bxc5 Qxc5 42. h4 d4 43. Qe4 Rd8 44. Qe6+ Kf8 45. g3 d3 46. Rd2 Qa5 47. Red1 Qb4 48. Qf5 Qb3 49. Qf3 Rb8 50. Rxd3 Qb6 51. Rd6 Qa5 52. Rxf6+ gxf6 53. Qxf6+ Kg8 54. Qg6+ Kh8 55. Qxh6+ Kg8 56. Qg6+ Kh8 57. Rd7 Qe1+ 58. Kg2 Qxf2+ 59. Kxf2 Rb2+ 60. Ke1 Re2+ 61. Kd1 Rd2+ 62. Kc1 Rd1+ 63. Kb2 1-0

[Event "Capablanca Memorial op 49th"]
[Site "Havana"]
[Date "2014.05.08"]
[Round "1"]
[White "Fernandez Hernandez, Arturo Augusto"]
[Black "Nunez Rocio, Fernando"]
[Result "1/2-1/2"]
[WhiteElo "2367"]
[BlackElo "2185"]
[PlyCount "95"]
[EventDate "2014.04.08"]
[EventType "swiss"]
[EventRounds "10"]
[EventCountry "CUB"]
[SourceTitle "CBM 160 Extra"]
[Source "ChessBase"]
[SourceDate "2014.07.01"]
[SourceVersion "1"]
[SourceVersionDate "2014.07.01"]
[SourceQuality "1"]

1. d4 g6 2. c4 Bg7 3. Nf3 d6 4. g3 Nf6 5. Bg2 0-0 6. Nc3 c5 7. d5 Nbd7 8. 0-0 b6 9. Bh3 a6 10. a4 Bb7 11. Ne1 Ne8 12. e4 Nc7 13. f4 b5 14. axb5 axb5 15. Rxa8 Qxa8 16. Nxb5 Nxb5 17. cxb5 Qa5 18. Qe2 Ra8 19. Rf3 c4 20. Nc2 Qxb5 21. Na3 Qc5+ 22. Be3 Qb4 23. Nxc4 Ba6 24. Bf1 Rc8 25. Qd2 Rxc4 26. Qxb4 Rxb4 27. Bxa6 Bxb2 28. Bd3 Nf6 29. Bd2 Rd4 30. Re3 Nxe4 31. Bxe4 Rxd2 32. Kf1 Bf6 33. Rd3 Rb2 34. Bf3 h6 35. Be2 g5 36. Kf2 Kg7 37. Kf3 Rb4 38. Bd1 Kg6 39. Re3 gxf4 40. gxf4 Rb2 41. Re2 Rxe2 42. Bxe2 Bb2 43. Bd3+ Kf6 44. Ke4 e6 45. Bc4 Ke7 46. f5 e5 47. h4 Kf6 48. h5 1/2-1/2

[Event "Capablanca Memorial op-B 48th"]
[Site "Havana"]
[Date "2013.04.21"]
[Round "1"]
[White "Nunez Rocio, Fernando"]
[Black "Zequeira Zorrilla, David"]
[Result "1-0"]
[WhiteElo "2174"]
[BlackElo "1925"]
[PlyCount "37"]
[EventDate "2013.04.21"]
[EventType "swiss"]
[EventRounds "9"]
[EventCountry "CUB"]
[SourceTitle "CBM 154 Extra"]
[Source "ChessBase"]
[SourceDate "2013.06.25"]
[SourceVersion "2"]
[SourceVersionDate "2013.06.25"]
[SourceQuality "1"]

1. e4 c5 2. Nf3 d6 3. d4 cxd4 4. Nxd4 Nf6 5. Nc3 a6 6. Bc4 Nbd7 7. 0-0 b5 8. Bb3 Bb7 9. a4 b4 10. Nd5 e6 11. Nxb4 Nxe4 12. Bxe6 fxe6 13. Nxe6 Qa5 14. c3 Nef6 15. Bf4 Ne5 16. Nxf8 Rxf8 17. Qxd6 Nfd7 18. Bxe5 Nxe5 19. Rfe1 1-0

[Event "Havana UCI op 9th"]
[Site "Havana"]
[Date "2010.11.18"]
[Round "8"]
[White "Martinez Morales, Randy Danniel"]
[Black "Nunez Rocio, Fernando"]
[Result "1/2-1/2"]
[WhiteElo "2053"]
[BlackElo "2070"]
[PlyCount "44"]
[EventDate "2010.11.08"]
[EventType "swiss"]
[EventRounds "9"]
[EventCountry "CUB"]
[SourceTitle "CBM 139 Extra"]
[Source "ChessBase"]
[SourceDate "2011.01.05"]
[SourceVersion "1"]
[SourceVersionDate "2011.01.05"]
[SourceQuality "1"]

1. e4 c5 2. Nf3 e6 3. d4 cxd4 4. Nxd4 Nf6 5. Nc3 Nc6 6. Be3 Bb4 7. Nxc6 bxc6 8. Bd3 d5 9. exd5 exd5 10. a3 Bd6 11. Ne2 0-0 12. h3 Re8 13. 0-0 h6 14. c4 Bc7 15. c5 Qe7 16. b4 Nh5 17. Nd4 Qe5 18. Nf3 Qf6 19. Re1 Bd7 20. Bd4 Qf4 21. Be3 Qf6 22. Bd4 Qf4 1/2-1/2

[Event "Havana UCI op 9th"]
[Site "Havana"]
[Date "2010.11.09"]
[Round "1"]
[White "Nunez Rocio, Fernando"]
[Black "Medina Almarales, Alexis"]
[Result "1/2-1/2"]
[WhiteElo "2070"]
[BlackElo "1962"]
[PlyCount "115"]
[EventDate "2010.11.08"]
[EventType "swiss"]
[EventRounds "9"]
[EventCountry "CUB"]
[SourceTitle "CBM 139 Extra"]
[Source "ChessBase"]
[SourceDate "2011.01.05"]
[SourceVersion "1"]
[SourceVersionDate "2011.01.05"]
[SourceQuality "1"]

1. e4 e6 2. d3 d5 3. Nd2 c5 4. Ngf3 Nc6 5. g3 g6 6. Bg2 Bg7 7. 0-0 Nge7 8. Re1 0-0 9. h4 f5 10. e5 Qc7 11. Qe2 Nd8 12. Nf1 Nf7 13. Bf4 d4 14. Ng5 Nxg5 15. Bxg5 h6 16. Bc1 Bd7 17. Nd2 Rae8 18. Nc4 Nc8 19. a4 Bc6 20. Bf4 Kh7 21. Reb1 Bxg2 22. Kxg2 a5 23. Qf3 Rd8 24. Ra3 Rd5 25. Re1 Ne7 26. Rb3 Nc6 27. Rb5 Rb8 28. Qe2 b6 29. Rb3 Nb4 30. Nd6 Qc6 31. f3 Qxa4 32. Qd2 Qd7 33. g4 a4 34. Ra3 b5 35. Raa1 Nc6 36. gxf5 gxf5 37. c4 dxc3 38. Qxc3 Rxd6 39. Qxc5 Rd5 40. Qc3 Rxd3 41. Qc2 Qd5 42. Qe2 Bxe5 43. Bxe5 Rd2 44. Bxb8 Rxe2+ 45. Rxe2 Nxb8 46. Rae1 Nc6 47. Rxe6 Nd4 48. Re7+ Kg6 49. R1e3 Qa2 50. f4 Qxb2+ 51. Kh3 a3 52. Rg3+ Kf6 53. Ra7 b4 54. h5 Qb3 55. Rxb3 Nxb3 56. Ra4 Ke6 57. Ra6+ Kf7 58. Ra4 1/2-1/2